Ford vs Ferrari Movie Quiz - Statistics

General Stats
  • This quiz has been taken 34 times
  • The average score is 7 of 16
Answer Stats
Hint Answer % Correct
When did the movie come out 2019
93%
Ford's car GT40
78%
Actor who played Carrol Shelby Matt Damon
67%
CEO of Ferrari Enzo Ferrari
63%
What does Ken throw at Carrol A Wrench
59%
Actor who played Ken Miles Christan Bale
56%
the year that Ken Miles dies 1966
52%
What RPM number is frequently mentioned 7000
52%
Who bought Ferrari Fiat
41%
Who won the 24 Hours of Le Mans in 66' Bruce McLaren
33%
CEO of Ford Henry Ford II
33%
Ferrari's car 330 P3
22%
What type of pit crew does Leo Bee Bee's team have NASCAR
19%
At what raceway does Ken win in the Shelby Willow Springs
19%
Leader of the sales department Lee Iacocca
15%
Ken Miles' wife Mollie
15%
No matching quizzes found
Score Distribution
Percent of People with Each Score
Percentile by Number Answered
Your Score History
You have not taken this quiz